SC Braga Squad 2024-2025 - Statistics

General Stats
  • This quiz has been taken 27 times
    11 since last reset
  • The average score is 26 of 32
Answer Stats
# Position Nation Player % Correct
9 FW Morocco Amine El Ouazzani
100%
10 MF Portugal André Horta
100%
39 FW Spain Fran Navarro
100%
77 FW Spain Gabri Martínez
100%
20 MF Tunisia Ismaël Gharbi
100%
91 GK Czech Republic Lukáš Horníček
100%
1 GK Brazil Matheus
100%
15 DF Portugal Paulo Oliveira
100%
21 FW Portugal Ricardo Horta
100%
16 MF Uruguay Rodrigo Zalazar
100%
4 DF Mali Sikou Niakaté
100%
2 DF Spain Víctor Gómez
100%
26 DF Germany Bright Arrey-Mbi
86%
7 FW Portugal Bruma
86%
- Coach Portugal Carlos Carvalhal
86%
29 MF France Gorby
86%
8 MF Portugal João Moutinho
86%
11 FW Portugal Roger
86%
12 GK Portugal Tiago Sá
86%
6 MF Brazil Vitor Carvalho
86%
19 DF Spain Adrián Marín
71%
17 DF Sweden Joe Mendes
71%
90 FW Spain Roberto Fernández
71%
3 DF Brazil Robson Bambu
71%
10 MF Serbia Uroš Račić
71%
- Coach Portugal Daniel Sousa
57%
13 DF Portugal João Ferreira
57%
22 MF Uruguay Thiago Helguera
57%
33 FW Portugal João Marques
43%
27 FW Algeria Rafik Guitane
43%
25 DF Portugal Yuri Ribeiro
43%
53 DF Portugal Jonatás Noro
29%
No matching quizzes found
Score Distribution
Percent of People with Each Score
Percentile by Number Answered
Your Score History
You have not taken this quiz since the last reset